Terrier in the tinsel / (Record no. 6546)

MARC details
000 -LEADER
fixed length control field 01295nam a22003377a 4500
001 - CONTROL NUMBER
control field 6546
003 - CONTROL NUMBER IDENTIFIER
control field FISKH
005 - DATE AND TIME OF LATEST TRANSACTION
control field 20250509083253.0
008 - FIXED-LENGTH DATA ELEMENTS--GENERAL INFORMATION
fixed length control field 250509b cb ||||| |||| 00| 0 eng d
020 ## - INTERNATIONAL STANDARD BOOK NUMBER
International Standard Book Number 9780439448925
040 ## - CATALOGING SOURCE
Original cataloging agency IEU
Transcribing agency IEU
Modifying agency OCL
-- FSM
-- JQD
-- CGB
-- DLC
Language of cataloging eng
050 ## - LIBRARY OF CONGRESS CALL NUMBER
Classification number PZ7.B14032 T
082 ## - DEWEY DECIMAL CLASSIFICATION NUMBER
Classification number 813.54
100 1# - MAIN ENTRY--PERSONAL NAME
Personal name Baglio, Ben M.
Dates associated with a name (1960-)
245 10 - TITLE STATEMENT
Title Terrier in the tinsel /
Statement of responsibility, etc. Ben M. Baglio ; illustrations by Jenny Gregory.
250 ## - EDITION STATEMENT
Edition statement This edition first published in 2001
260 ## - PUBLICATION, DISTRIBUTION, ETC.
Place of publication, distribution, etc. New York :
Name of publisher, distributor, etc. Scholastic,
Date of publication, distribution, etc. 2001.
300 ## - PHYSICAL DESCRIPTION
Extent 138 pages :
Other physical details illustrations ;
Dimensions 20 cm.
490 1# - SERIES STATEMENT
Series statement Animal Ark
505 ## - FORMATTED CONTENTS NOTE
Formatted contents note N<br/>
520 ## - SUMMARY, ETC.
Summary, etc. While helping to set up a Santaland outside Walton Cottage Hospital, Mandy and James spot a stray Jack Russell terrier. They also befriend Charlie, a young patient, who desperately wants a dog for Christmas. Can they bring the two together?
521 ## - TARGET AUDIENCE NOTE
Target audience note 570<br/>
Source Lexile<br/>
521 ## - TARGET AUDIENCE NOTE
Target audience note N<br/>
Source Raz-Plus<br/><br/>
650 #0 - SUBJECT ADDED ENTRY--TOPICAL TERM
Topical term or geographic name entry element Animal Ark (Imaginary organization)
Form subdivision Juvenile fiction.
650 #0 - SUBJECT ADDED ENTRY--TOPICAL TERM
Topical term or geographic name entry element Jack Russell terrier
Form subdivision Juvenile fiction.
650 #0 - SUBJECT ADDED ENTRY--TOPICAL TERM
Topical term or geographic name entry element Veterinary hospitals
Form subdivision Juvenile fiction.
700 1# - ADDED ENTRY--PERSONAL NAME
Personal name Gregory, Jenny.
Dates associated with a name illustrator
906 ## - LOCAL DATA ELEMENT F, LDF (RLIN)
a 7
b cbc
c copycat
d 2
e ncip
f 20
g y-gencatlg
942 ## - ADDED ENTRY ELEMENTS (KOHA)
Source of classification or shelving scheme Dewey Decimal Classification
Koha item type Books
Suppress in OPAC No
Holdings
Withdrawn status Lost status Source of classification or shelving scheme Damaged status Not for loan Collection Home library Current library Shelving location Date acquired Total Checkouts Full call number Barcode Date last seen Copy number Price effective from Koha item type
    Dewey Decimal Classification     Juvenile Fiction Footprints International School Library Network Toul Tom Poung Campus Footprints International School Library Network Toul Tom Poung Campus TTP Primary Yellow Bookshelves 05/09/2025   BAG 813.54 PZ7.B14032 T 2025-1233 05/09/2025 1 05/09/2025 Books